| 000 | 02073nam a2200457 c 4500 | ||
|---|---|---|---|
| 003 | BLK | ||
| 005 | 20240413115923.0 | ||
| 008 | 180408b bul|||||r ||||||| ||bul|| | ||
| 010 | _aKNG00058105000 | ||
| 020 |
_a954-9785-16-5 _bиздат.: Меридиани |
||
| 040 | _aBLK | ||
| 041 |
_aBUL _cBUL |
||
| 080 |
_aПолитика. Вж и 341 ; 342 _b32 _x(0-011) _z32(0-011) |
||
| 080 |
_aГеополитика _b327:911.3 _x _z327:911.3 |
||
| 080 |
_aМеждународни икономически отношения. Външностопанска политика. Световно стопанство _b339.9 _x _z339.9 |
||
| 100 | 1 |
_aКорм, Жорж _eпърви автор _982460 |
|
| 700 | 1 |
_aГоцева, Любляна Василева _eпрев. от фр. _9267875 |
|
| 139 |
_aКорм, Жорж _bК 85 |
||
| 245 | 1 | 0 |
_aРазпадането на Близкия Изток 1956 - 2004 _cЖорж Корм; прев. от фр. Любляна Василева Гоцева. |
| 257 | _aFRA | ||
| 260 |
_аСофия _bМеридиани _c2005 |
||
| 300 |
_a664 с. _c24 см |
||
| 380 | _a3 | ||
| 500 | _aОриг. загл. Le Proche-Orient eclate / Georges Corm. - Съдържа и Библиография на отделните страни ; Цитирана лит. ; индекс на собствените имена. - Библиогр. с. 638-647 | ||
| 504 | _a638-647 | ||
| 650 | 4 |
_aБлизък Изток _9269008 |
|
| 650 | 4 |
_aМеждународни отношения - Близък Изток _9285446 |
|
| 650 | 4 |
_aГеополитика _9151969 |
|
| 650 | 4 |
_aСветовно стопанство _9251664 |
|
| 651 | 4 |
_aБлизък Изток _9269008 |
|
| 653 | _aсветовно стопанство | ||
| 653 | _aполитика | ||
| 653 | _aгеополитика | ||
| 653 | _aБлизък Изток | ||
| 852 | _aЦб 226329 | ||
| 856 | 4 |
_qpdf _u |
|
| 856 | 4 |
_qpdf _u |
|
| 942 |
_cKNG _n0 _03 |
||
| 944 |
_aCR _c03.02.2006 _k30552 _lВиолета Тройчева |
||
| 944 |
_aED _c13.01.2010 _k |
||
| 999 |
_c54161 _d54161 |
||